000 00733nam a2200253Ia 4500
003 OSt
005 20220928115708.0
006 a|||||r|||| 00| 0
007 ta
008 220927b |||||||| |||| 00| 0 eng d
020 _a9781108489744
_cUKP 75.00
024 _a146313
037 _b21, 10/12/2021, Classic Book Service
_cTextual
040 _aSDCL
_cSDCL
_beng
041 _2eng
_aeng
082 _aX:(Z2), R0
100 _aPande Ishita
_9445630
245 0 _aSex,law, and the politics of age
260 _aNew York
_b CUP USA
_c2020
300 _axi,322p
_ccm.
650 _aHistory
942 _hX:(Z2), R0
_cTEXL
_2CC
999 _c760538
_d760538